|
|
|
|
| LEADER |
01183nam a2200241 a 4500 |
| 001 |
31706 |
| 003 |
BD-DhAAL |
| 005 |
20170529134408.0 |
| 008 |
170529s20162012bg ||||| |||| 00| 1 ben d |
| 999 |
|
|
|c 38060
|d 38060
|
| 020 |
|
|
|a 98483094531
|
| 040 |
|
|
|a BD-DhAAL
|c BD-DhAAL
|
| 082 |
|
|
|2 23
|a 891.4437
|
| 100 |
|
|
|a চট্টোপাধ্যায়, শরৎচন্দ্র
|9 21674
|
| 245 |
|
|
|a শ্রীকান্ত /
|c শরৎচন্দ্র চট্টোপাধ্যায়
|
| 260 |
|
|
|a ঢাকা :
|b বিশ্বসাহিত্য ভবন,
|c ২০১৬
|
| 300 |
|
|
|a ৩৩০ পৃষ্ঠা :
|c ২২ সে.মি.
|
| 526 |
|
|
|a AAL
|
| 541 |
|
|
|e 31706, 31707
|
| 650 |
|
|
|a Short stories, Bengali
|9 21675
|
| 942 |
|
|
|2 ddc
|c BK
|
| 952 |
|
|
|0 0
|1 0
|2 ddc
|4 0
|6 891_443700000000000_CHA
|7 0
|9 60215
|a BRACUL
|b BRACUL
|c FIC
|d 2017-04-13
|e Paragon Enterprises
|g 270.00
|l 34
|m 166
|o 891.4437 CHA
|p 3010031706
|r 2026-02-18
|s 2025-11-19
|t 1
|v 270.00
|w 2017-04-13
|y BK
|
| 952 |
|
|
|0 0
|1 0
|2 ddc
|4 0
|6 891_443700000000000_CHA
|7 0
|9 60216
|a BRACUL
|b BRACUL
|c FIC
|d 2017-04-13
|e Paragon Enterprises
|g 270.00
|l 25
|m 200
|o 891.4437 CHA
|p 3010031707
|r 2026-04-20
|s 2026-02-23
|t 2
|v 270.00
|w 2017-04-13
|y BK
|